UBT Library

Expert systems : (Record no. 1199)

000 -LEADER
fixed length control field 00616nam a22002057a 4500
008 - FIXED-LENGTH DATA ELEMENTS--GENERAL INFORMATION
fixed length control field 150930b xxu||||| |||| 00| 0 eng d
020 ## - INTERNATIONAL STANDARD BOOK NUMBER
International Standard Book Number 0534937446
041 0# - LANGUAGE CODE
Language code of text/sound track or separate title eng
080 ## - UNIVERSAL DECIMAL CLASSIFICATION NUMBER
Universal Decimal Classification number 519.6
100 1# - Rafti
Rafti Giarratano, Joseph C.
245 10 - TITLE STATEMENT
Title Expert systems :
Statement of responsibility, etc Joseph Giarratano, Gary Riley.
250 ## -
-- 2nd ed.
260 ## -
-- Boston :
-- PWS Pub. Co.,
-- 1994.
300 ## -
-- xv, 644 f. :
-- me il.;
-- 25 cm.
650 #0 -
-- Sistemi ekspert
650 #0 -
-- CLIPS (Gjuha programuese e kompjuterëve)
650 #0 -
-- Rregullat bazë të programimit
700 1# -
-- Riley, Gary,
942 ## - ADDED ENTRY ELEMENTS (KOHA)
Source of classification or shelving scheme
Item type Books
Holdings
Withdrawn status Lost status Source of classification or shelving scheme Damaged status Not for loan Collection code Permanent location Current location Shelving location Date acquired Total Checkouts Full call number Barcode Date last seen Koha item type
          Koleksioni i përgjithshem UBT - Lipjan UBT - Lipjan Koleksioni i përgjithshem 09/30/2015   519.6 GIA 002-008112 09/30/2015 Books
UBT Library © 2015-2024. All rights reserved University Education for Business and Technology